Bytový dom
Uložené v:
| Hlavný autor: | |
|---|---|
| Ďalší autori: | |
| Médium: | Rukopis Kniha |
| Jazyk: | Slovak |
| Vydavateľské údaje: |
2015
|
| Predmet: | |
| On-line prístup: | http://is.stuba.sk/zp/portal_zp.pl?podrobnosti=108952 https://opac.crzp.sk/?fn=detailBiblioForm&sid=D66686E2411EDBCBFEA5911891D1 |
| Tagy: |
Žiadne tagy, Buďte prvý, kto otaguje tento záznam!
|
MARC
| LEADER | 00000ntm a22000003a 4500 | ||
|---|---|---|---|
| 001 | stuzp53358 | ||
| 003 | SK-STU | ||
| 005 | 20230811162614.3 | ||
| 007 | ta | ||
| 008 | 150427s2015----xo-----f-mn---000-0-slo-d | ||
| 040 | |a STU |b slo | ||
| 041 | 0 | |a slo | |
| 100 | 1 | |a Jurík, Roman |u 010270 |4 aut |U SvF Stavebná fakulta |T SvF Katedra technológie stavieb |X 54574 |U V270 |Y 28 |7 54574 | |
| 242 | 0 | 1 | |a Bytový dom |y eng |
| 245 | 1 | 0 | |a Bytový dom |
| 260 | |c 2015 | ||
| 650 | 4 | |a časový plán |2 slo | |
| 650 | 4 | |a murivo |2 slo | |
| 650 | 4 | |a projekt |2 slo | |
| 650 | 4 | |a Constuction timetable |2 eng | |
| 650 | 4 | |a brickwork |2 eng | |
| 650 | 4 | |a project |2 eng | |
| 700 | 1 | |a Božík, Michal |4 ths |X 1008 |7 A000001008 | |
| 856 | 4 | |u http://is.stuba.sk/zp/portal_zp.pl?podrobnosti=108952 | |
| 856 | 4 | |u https://opac.crzp.sk/?fn=detailBiblioForm&sid=D66686E2411EDBCBFEA5911891D1 | |
| SQL | |a stuzp53358 |b DBP |c SLO |d Bytový dom |e 54574 |f Jurík, Roman |g 010270 |h 1008 |i Božík, Michal |j 20150622 |k 6 |l 01 |m http://is.stuba.sk/zp/portal_zp.pl?podrobnosti=108952 |n B-TMS |o 5.2.8. stavebníctvo | ||